Szczegóły MARC21

Wie schreibe ich eine Seminar-, Examens- und Diplomarbeit : eine Anleitung zum wissenschaftlichen Arbeiten für Studierende aller F ächer an Universitäten, Fachhochschulen und Berufsakademien /

005 -DATA I CZAS OSTATNIEJ MODYFIKACJI [,]
    • @
    • pole kontrolne
    • 20070315155141.9
020 -Międzynarod. znormalizowany nr książki - ISBN [ , ]
    • a
    • Numer ISBN
    • 3825216330 Find
040 -Instytucja sporządzająca opis [ , ]
    • a
    • Instytucja, która sporządziła opis (NP)
    • SZCZ U
    • c
    • Instytucja, która sporządziła rekord (NP)
    • SZCZ U
041 -Język dokumentu [0, ]
    • a
    • Język tekstu (P)
    • niemiecki
    • h
    • Język tekstu oryginalnego i/lub pośredniego (P)
    • niemiecki
942 -Rodzaj dokumentu [ , ]
    • c
    • Rodzaj dokumentu
    • Książka
100 -Hasło główne - nazwa osobowa [ , ]
    • a
    • Nazwa osobowa (NP)
    • KRÄMER, WALTER
245 -Strefa tytułu i oznaczenia odpowiedzialności [1, ]
    • a
    • Tytuł
    • Wie schreibe ich eine Seminar-, Examens- und Diplomarbeit : Find
    • b
    • Ciąg dalszy tytułu (NP)
    • eine Anleitung zum wissenschaftlichen Arbeiten für Studierende aller F ächer an Universitäten, Fachhochschulen und Berufsakademien / Find
    • c
    • Pozostałe elementy strefy tytułu i oznaczenia odpowiedzialności (NP)
    • Walter Krämer.
250 -Strefa wydania [ , ]
    • a
    • Oznaczenie wydania (NP)
    • 3.,durchges. Aufl.
260 -Strefa adresu wydawniczego [ , ]
    • a
    • Miejsce wydania (P)
    • Stuttgart :
    • b
    • Nazwa wydawcy (P)
    • G.Fischer,
    • c
    • Data wydania (P)
    • 1994.
300 -Strefa opisu fizycznego [ , ]
    • a
    • Określenie formy książki i/lub objętość (NP)
    • VIII, 175 s. :
    • b
    • Oznaczenie ilustracji (NP)
    • rys. :
    • c
    • Format (NP)
    • 19 cm.
490 -Strefa serii i książki wielotomowej - forma nie do wyszukiwania [0, ]
    • a
    • Tytuł (P)
    • (UNI-Taschenbücher : UTB für Wissenschaft ; Find
    • v
    • Numeracja (P)
    • 1633)
500 -Uwaga ogólna [ , ]
    • a
    • Uwaga ogólna (NP)
    • Bibliogr. Ind
080 -Uniwersalna Klasyfikacja Dziesiętna [ , ]
    • a
    • Symbol klasyfikacji
    • 378.245=30
080 -Uniwersalna Klasyfikacja Dziesiętna [ , ]
    • a
    • Symbol klasyfikacji
    • :372.8=30
980 -Symbol UKD [ , ]
    • a
    • UKD
    • 378.245:372.8]=30
920 -ISBN [ , ]
    • a
    • ISBN
    • 3-8252-1633-0 Find
Status udost. Numer inwentarzowy Data inwentaryzacji Lokalizacja Sygnatura
-6S.875482001-01-12BEFUNDACJA POLSKO-NIEMIECKA
-6S.875492001-01-12BEFUNDACJA POLSKO-NIEMIECKA
-2S.875472001-01-12BEFUNDACJA POLSKO-NIEMIECKA